Fragmento Preliminar al estudio del Derecho /
Guardado en:
| Autor Principal: | |
|---|---|
| Otros Autores: | |
| Formato: | Desconocido |
| Idioma: | Spanish |
| Publicado: |
Buenos Aires :
Librería Hachette,
1955
|
| Edición: | 2º ed. |
| Series: | Colección El Pasado Argentino
|
| Etiquetas: |
Agregar Etiqueta
Sin Etiquetas, Sea el primero en etiquetar este registro!
|
| LEADER | 00551nac a22001575a 4500 | ||
|---|---|---|---|
| 001 | DER.der013229 | ||
| 005 | 20170313000000.0 | ||
| 008 | 180615s1955####||||||||||||||||||||spa|| | ||
| 100 | 1 | |a Alberdi, Juan B. | |
| 245 | 1 | 0 | |a Fragmento Preliminar al estudio del Derecho / |c Juan B. Alberdi , con prólogo de Bernardo Canal Feijóo |
| 250 | |a 2º ed. | ||
| 260 | |a Buenos Aires : |b Librería Hachette, |c 1955 | ||
| 300 | 0 | |a 266 p. | |
| 440 | 0 | |a Colección El Pasado Argentino | |
| 700 | 1 | |a Canal Feijóo, Bernardo |e prologuista | |
| 859 | |a DERECHO |b BIB. DERECHO |h 340.11 |i ALB |p 008152 | ||
